00381cam a2200157ua 45000010005000000080039000050400009000440410012000530820012000651000017000772450024000942600036001183000009001546530040001637000020002039304040101n1998 II |||gr||||Z||||||eng aMAIN aEnglish a531 GUP aGUPTA, B. D. aCLASSICAL MECHANICS aMEERUTbKEDARNATH RAMNATHc1998 a464. aClassical mechanics solid mechanics aPRAKASH, SATYA.